| 000 | 01065cam a22001694a 4500 | ||
|---|---|---|---|
| 005 | 20250605163700.0 | ||
| 008 | 250528s ||||||||||||||||||||||||d | ||
| 035 | _a24216 | ||
| 040 |
_aGR-AtMCL _bgre _dGR-AtMCL _eAACR2 |
||
| 245 | 1 | _aΕπιστήμη και Τεχνολογία του Μέλλοντος / Προς την Ευρώπη του 21ου Αιώνα | |
| 260 |
_bΔιοικητική Μονάδα 'Εκδόσεις' _bΟπτικοακουστικός Τομέας, Πληροφόρηση, Επικοινωνία Και Πολιτιστικά Θέματα, _c1994 |
||
| 300 | _a8 | ||
| 520 | _aΓιατί η Επιστήμη, Βελτίωση της Ποιότητας της Ζωής στην Ευρώπη, Προώθηση της Τεχνολογικής Καινοτομίας, Προετοιμασία της Ευρώπης του 21ου Αιώνα, Έρευνες στην Υπηρεσία του Πολίτη, Ένας Άτλας των Αποφευκτών Θανάτων. | ||
| 942 | _cCR | ||
| 999 |
_c9109 _d9109 |
||